| 000 | 00758nam a2200265Ia 4500 | ||
|---|---|---|---|
| 001 | dia_2586 | ||
| 003 | CHAP | ||
| 005 | 20251027154001.0 | ||
| 008 | 220117s1978 xx 000 0 und d | ||
| 010 | _a173104 | ||
| 040 | _cCHAP | ||
| 082 | _a663.2 O74 1978 | ||
| 100 |
_aOreglia, Francisco _983473 |
||
| 245 |
_aEnología : teoría-práctica / _c Francisco Oreglia |
||
| 250 | _a2a ed. rev. y aum. | ||
| 260 |
_aArgentina : _b Instituto Salesiano de Artes Gráficas, _c1978 |
||
| 300 | _axlv, 731 p. | ||
| 500 | _aLa biblioteca tiene vol. 1 | ||
| 503 | _aI. 46134 | ||
| 650 |
_aViticultura _9120043 |
||
| 901 | _a663.2 O74 1978 | ||
| 902 | _aM | ||
| 905 | _a2232271978 ag A 8222223322spa16 | ||
| 942 |
_cLIBRO _2ddc |
||
| 999 |
_c173104 _d173104 |
||